00804nam a2200253 i 450000100060000000300090000600500170001500700030003200800410003502000180007610000210009424501790011526000370029430000320033149000150036365000170037870000210039570000220041670000270043870000190046570000300048483000150051485200210052944712ES-MaACL20230906161100.0t|030324s1975 sp ||||1| spa d a84-301-0641-30 aSchnitzer, Luda.13aEl cine soviético visto por sus creadores / cLuda y Jean Schnitzer, Marcel Martin ; prólogo, Miquel Porter i Moix ; [tradujeron Loly Morán y Juan Antonio P. Millán]. aSalamanca : bSígueme, c1975. a228 p., 8 lám. ; c21 cm.1 aZoom ; v1 4aCine-zURSS.1 aSchnitzer, Jean.1 aMartín, Marcel.1 aPorter i Moix, Miquel.1 aMorán, Loly.1 aMillán, Juan Antonio P.1 aZoom ; v1 aES-MaACLjE-7993